000 01408cam a2200133 4500500
005 20260517002103.0
041 _afre
042 _adc
100 1 0 _aFomo, Bruno
_eauthor
245 0 0 _aLa construction des maisons individuelles : Le guide pratique du suivi des travaux
260 _bEMS Éditions,
_c2025.
520 _aDans un secteur en constante évolution, la construction de maisons individuelles représente un défi passionnant mais complexe. Ce guide pratique, destiné aux jeunes ingénieurs en génie civil, fournit des étapes concrètes et des outils essentiels pour maîtriser chaque phase du processus de construction. Des premiers plans à la livraison finale, ce livre aborde avec clarté et précision les enjeux cruciaux, tels que la planification, la gestion des coûts et le contrôle qualité, permettant ainsi aux professionnels de suivre efficacement leurs projets. Avec des conseils pratiques, des check-lists détaillées et des exemples pertinents, cet ouvrage accompagne le lecteur à chaque étape, garantissant une exécution fluide et conforme aux attentes des clients. Que vous soyez novice ou que vous souhaitiez perfectionner vos compétences, ce manuel est un indispensable pour assurer la réussite de vos projets de construction.
856 4 1 _uhttps://stm.cairn.info/la-construction-des-maisons-individuelles--9782386301926?lang=fr&redirect-ssocas=7080
999 _c2240077
_d2240077